000 00675cab a2200241 4500
001 ABS52129
008 090401t1995 xxu||||| |||| 00| 0 eng d
035 _a(Sirsi) u62563
041 _aeng
100 _aFreeborn, T.
245 _aSt George carves a cultural niche
260 _c1995
350 _a0
490 _aEstates Gazette
_v(9504) 28 January 1995, 72-73(2)
520 _aProfile of the house builder, St George, examining how it has managed to ride the storm of the recession.
650 _aPROFILES
650 _aPROPERTY COMPANIES
650 _aST GEORGE
690 _aBUILT ENVIRONMENT
690 _aHOUSING
942 _n0
948 _c04/03/1997
999 _c38855
_d38855